000 00312nam a2200145Ia 4500
100 _aRao/P.N
490 _v1
942 _cBK
366 _f25
654 _amanufacturing technology
245 _aManufacturing technology vol.1 :Foundry
260 _bMc Graw Hill
_c2009
300 _a502
546 _aENGLISH
999 _c21076
_d21076